000 01070nam a2200289 i 4500
003 EG-GICUC
005 20260121101451.0
008 251211s2009 ua ||||fr|||| 00| 0 ara d
040 _a EG-GICUC
_bara
_c EG-GICUC
_d EG-GICUC
_erda
041 0 _aara
082 0 4 _221
_a345.31211
_bم ا . ق
092 0 4 _221
099 _aLaw1 345.31211م ا . ق 1994
100 0 _aماجد راغب الحلو
_eمؤلف.
245 1 0 _aقانون الحماية البيئة /
_cدكتور ماجد راغب الحلو.
264 1 _aالإسكندرية :
_bدار المطبوعات الجامعية،
_c1994.
300 _a378 ؛صفحة
_c24 سم.
336 _2rda content
_atext
337 _2rda media
_aComputer
338 _2rda carrier
_aOnline Resource
546 _aالنص أغلبه باللغة العربية مع بعض النصوص الفرنسية
650 1 4 _aتشريعات البيئة
650 1 4 _aالقانون الإداري
856 4 0 _uhttps://fll.law.cu.edu.eg/fulltext/bks/B07-01341.pdf
905 _a32
_eYara
942 _2ddc
_cBK
_e21
_n0
999 _c49772
_d49772